[Event "POLFINAL MISTRZOSTW POLSKI JUNIOROW 2019 - C13"]
[Site "Ustron"]
[Date "1899-12-30"]
[Round "5.2"]
[White "Kusiak, Mateusz"]
[Black "Pisarek, Jan"]
[Result "1/2-1/2"]
[WhiteTitle "I"]
[BlackTitle "I"]
[WhiteElo "1597"]
[BlackElo "1534"]

1. e4 c5 2. Nc3 e6 3. Nf3 Nc6 4. d4 cxd4 5. Nxd4 Nf6 6. Bg5 Bb4 7. Nxc6 bxc6 8.
Qd4 Be7 9. Bd3 d5 10. exd5 exd5 11. O-O c5 12. Qe5 c4 13. Bxf6 gxf6 14. Qxd5 Qxd5
15. Nxd5 cxd3 16. Nc7+ Kd7 17. Nxa8 dxc2 18. Rfe1 Bd6 19. Rac1 Ba6 20. Rxc2 Rxa8
21. Rd2 Rc8 22. b4 Bb5 23. a4 Bxa4 24. Ra2 Bc6 25. Rxa7+ Rc7 26. Rxc7+ Kxc7 27.
Re3 Bd7 28. Rc3+ Kb6 29. Rd3 Kc7 30. Rd5 Bc6 31. Rd4 Bd7 32. g3 Bf5 33. Kg2 Kc6
34. b5+ Kc5 35. Rd1 Be5 36. Kg1 Be4 37. Rd7 Kxb5 38. Rxf7 Kc6 39. h4 h5 40. Kf1
Bf3 41. Ra7 Kd5 42. Ra3 Bg4 43. Kg2 Ke6 44. Ra6+ Kf7 45. Ra4 Kg6 46. f3 Bd7 47.
Rb4 f5 48. Rb6+ Bf6 49. Rd6 Bc8 50. Rc6 Bd7 51. Ra6 Bc8 52. Ra7 Be6 53. Rc7 Bd5
54. Rd7 Be6 55. Rd6 Bc8 56. Kf2 Bb7 57. g4 fxg4 58. fxg4 hxg4 59. h5+ Kg5 60.
h6 Be4 61. Ke3 Bf5 62. Rd5 Kg6 63. h7 Kxh7 64. Rxf5 Kg6 65. Rb5 Bg5+ 66. Kf2 Bf4
67. Kg2 Kf6 1/2-1/2

[Event "POLFINAL MISTRZOSTW POLSKI JUNIOROW 2019 - C13"]
[Site "Ustron"]
[Date "1899-12-30"]
[Round "5.3"]
[White "Nowak, Filip"]
[Black "Goral, Jan"]
[Result "0-1"]
[WhiteTitle "I"]
[BlackTitle "I"]
[WhiteElo "1629"]
[BlackElo "1564"]

1. e4 e5 2. Nf3 Nf6 3. Nxe5 d6 4. Nf3 Nxe4 5. Nc3 Nxc3 6. dxc3 Be7 7. Be3 Nd7 8.
Qd2 O-O 9. O-O-O Nf6 10. Bd3 c6 11. Nd4 Qa5 12. Kb1 Nd5 13. c4 Qxd2 14. Bxd2 Nb6
15. b3 g6 16. Rhe1 Bf6 17. c3 Nd7 18. Bc2 a5 19. Re2 a4 20. Rde1 axb3 21. axb3
Nc5 22. Bf4 Ne6 23. Nxe6 Bxc3 24. Be4 fxe6 25. Bh6 Ra1+ 26. Kc2 Rxe1 27. Rxe1
Bxe1 28. Bxf8 Kxf8 0-1

[Event "POLFINAL MISTRZOSTW POLSKI JUNIOROW 2019 - C13"]
[Site "Ustron"]
[Date "1899-12-30"]
[Round "5.4"]
[White "Karut, Kacper"]
[Black "Maslanka, Wojciech"]
[Result "0-1"]
[WhiteTitle "II+"]
[BlackTitle "I"]
[WhiteElo "1536"]
[BlackElo "1614"]

1. e4 c6 2. d4 d5 3. Nc3 dxe4 4. Nxe4 Bf5 5. Ng3 Bg6 6. Nh3 e6 7. Nf4 Bd6 8. c3
Nf6 9. h4 Qc7 10. Qf3 Nbd7 11. Be2 O-O-O 12. O-O Rhe8 13. c4 e5 14. Nxg6 hxg6
15. c5 Be7 16. dxe5 Nxe5 17. Qa3 Kb8 18. b4 Nd5 19. h5 gxh5 20. Nxh5 Rh8 21. f4
Nd7 22. Bb2 f6 23. Bc1 Nxb4 24. Qf3 Bxc5+ 25. Be3 Bxe3+ 26. Qxe3 Nc2 27. Qb3 Nxa1
28. Rxa1 g6 29. Ng3 Qb6+ 30. Qxb6 Nxb6 31. Ne4 Rhe8 32. Bf3 Nd5 33. g3 Re7 34.
Nc5 b6 35. Na6+ Kb7 36. Bxd5 Rxd5 37. Nb4 Rd2 38. a4 Re3 0-1

[Event "POLFINAL MISTRZOSTW POLSKI JUNIOROW 2019 - C13"]
[Site "Ustron"]
[Date "1899-12-30"]
[Round "5.5"]
[White "Wieckowski, Michal"]
[Black "Trzebinski, Patryk"]
[Result "1-0"]
[WhiteTitle "II+"]
[BlackTitle "I"]
[WhiteElo "1532"]
[BlackElo "1607"]

1. e4 c5 2. b3 Nc6 3. Bb2 e6 4. Nf3 d6 5. Bc4 Nge7 6. d4 cxd4 7. Nxd4 a6 8. a4
d5 9. exd5 Nxd4 10. Qxd4 exd5 11. Bd3 Nc6 12. Qe3+ Qe7 13. Qxe7+ Bxe7 14. O-O
O-O 15. Nd2 Nb4 16. Nf3 Nxd3 17. cxd3 Bf5 18. Rfe1 Bd6 19. d4 Bc2 20. Re3 Rfe8
21. Ne5 f6 22. Rc1 Rec8 23. Nc4 Bf4 24. Rxc2 dxc4 25. Rec3 b5 26. g3 Bc7 27. axb5
axb5 28. bxc4 Ba5 29. Ra3 bxc4 30. Ra4 Bb6 31. Rxa8 Rxa8 32. Rxc4 Ra2 33. Rb4
Ba7 34. Kg2 Kf7 35. Kf3 Ra6 36. Rb7+ Kg6 37. g4 f5 38. gxf5+ Kf6 39. h4 Ra4 40.
Ke4 h5 41. f4 Ra2 42. d5+ Rxb2 43. Rxb2 Bc5 44. Rc2 Bb4 45. Rc6+ Ke7 46. Rc8 Be1
47. Rh8 Bxh4 48. Rxh5 Bf6 49. Rh8 Kd6 50. Ra8 Kd7 51. Ra6 Bc3 52. Re6 Bf6 53.
Kf3 Kc7 54. Kg4 Kd7 55. Kh5 Kc7 56. Kg6 Kd7 57. Rxf6 gxf6 58. Kxf6 Kd6 59. Kg7
Kxd5 1-0

[Event "POLFINAL MISTRZOSTW POLSKI JUNIOROW 2019 - C13"]
[Site "Ustron"]
[Date "1899-12-30"]
[Round "5.6"]
[White "Halhoul, Adam"]
[Black "Goszyk, Bartosz"]
[Result "1-0"]
[WhiteTitle "II+"]
[BlackTitle "II+"]
[WhiteElo "1491"]
[BlackElo "1605"]

1. e4 e5 2. Nf3 Nc6 3. Bb5 a6 4. Ba4 Nf6 5. O-O d6 6. Re1 Bg4 7. c3 b5 8. Bc2 Be7
9. d3 O-O 10. Be3 Re8 11. Nbd2 d5 12. exd5 Nxd5 13. Ne4 Nxe3 14. fxe3 f5 15. Nf2
Bh5 16. Bb3+ Bf7 17. Bxf7+ Kxf7 18. d4 e4 19. Qb3+ Kf6 20. Ne5 Nxe5 21. dxe5+
Kg5 22. Nh3+ Kh5 23. Qf7+ Kh6 24. Nf4 g6 25. Ne6 Qd5 26. Qg7+ Kh5 27. Qxh7+ 1-0

[Event "POLFINAL MISTRZOSTW POLSKI JUNIOROW 2019 - C13"]
[Site "Ustron"]
[Date "1899-12-30"]
[Round "5.7"]
[White "Rzenca, Jerzy"]
[Black "Czernecki, Andrzej"]
[Result "0-1"]
[WhiteTitle "II+"]
[BlackTitle "II+"]
[WhiteElo "1483"]
[BlackElo "1569"]

1. e4 c5 2. Nc3 d6 3. f4 Nc6 4. Bb5 Bd7 5. Nf3 g6 6. d3 Bg7 7. O-O Nd4 8. Bxd7+
Qxd7 9. Ne2 e6 10. c3 Nxe2+ 11. Qxe2 Ne7 12. Be3 O-O 13. Qf2 b6 14. Rad1 d5 15.
Qh4 Qb7 16. Bc1 c4 17. d4 dxe4 18. Ng5 h6 19. Nxe4 Qxe4 20. Qxe7 Qf5 21. Qb4 Rfc8
22. Rf2 b5 23. d5 Bf8 24. d6 a5 25. Qa3 Rc6 26. Re2 Raa6 27. d7 Bxa3 28. d8=Q+
Bf8 29. Re5 Qc2 30. Ree1 Rd6 31. Rxd6 Rxd6 32. Qh4 Rd1 33. Be3 Qe2 34. Rxd1 Qxd1+
35. Kf2 Qc2+ 36. Kf3 Qd1+ 37. Kf2 Qd5 38. Qf6 Bc5 39. Bxc5 Qxc5+ 40. Kf1 Qd5 41.
Kf2 b4 42. Qe5 Qd2+ 43. Kg3 Qxb2 44. Qb8+ Kh7 45. cxb4 axb4 46. Qf8 Qf6 47. Qxb4
c3 48. Qc4 g5 49. Kf3 e5 50. g3 exf4 51. gxf4 Qxf4+ 52. Qxf4 gxf4 53. Ke2 c2 54.
Kd2 f3 0-1

[Event "POLFINAL MISTRZOSTW POLSKI JUNIOROW 2019 - C13"]
[Site "Ustron"]
[Date "1899-12-30"]
[Round "5.8"]
[White "Dziewonski, Dariusz"]
[Black "Rylski, Tadeusz"]
[Result "1-0"]
[WhiteTitle "I+"]
[BlackTitle "II+"]
[WhiteElo "1868"]
[BlackElo "1680"]

1. e4 c6 2. d4 d5 3. Nc3 dxe4 4. Nxe4 Bf5 5. Ng3 Bg6 6. h4 h6 7. f4 e6 8. Nf3 Nd7
9. h5 Bh7 10. Bd3 Bxd3 11. Qxd3 Qc7 12. Bd2 O-O-O 13. O-O-O Bd6 14. Qe3 Ngf6 15.
Ne5 Nd5 16. Qf3 N7b6 17. Ne4 f6 18. Nd3 Nc4 19. Nxd6+ Qxd6 20. g3 Rhe8 21. Nc5
Ndb6 22. Bc3 Qd5 23. Rhf1 Nd7 24. Nd3 Ndb6 25. Nb4 Qb5 26. b3 Nd6 27. a4 Nxa4
28. bxa4 Qxa4 29. Nd3 Nc4 30. Bb2 Nxb2 31. Kxb2 Qxd4+ 32. c3 Qa4 33. Ra1 Qc4 34.
Kc2 a6 35. Rfb1 Qd5 36. Qxd5 Rxd5 37. g4 Red8 38. Rd1 Kc7 39. Nb4 Rxd1 40. Rxd1
Rxd1 41. Kxd1 Kd6 42. Kd2 c5 43. Nc2 b5 44. Kd3 e5 45. Ke4 exf4 46. Kxf4 Ke6 47.
c4 b4 48. Na1 Ke7 49. Nb3 Kf7 50. Kf5 Kg8 51. Kg6 Kf8 52. Nxc5 a5 53. Na4 b3 54.
c5 Ke7 55. Kxg7 Kd7 56. Kxh6 Kc6 57. Kg7 Kb5 58. Nc3+ Kb4 59. Nb1 a4 60. h6 a3
61. Nxa3 Kxa3 62. h7 b2 63. h8=Q b1=Q 64. Qa8+ 1-0

[Event "POLFINAL MISTRZOSTW POLSKI JUNIOROW 2019 - C13"]
[Site "Ustron"]
[Date "1899-12-30"]
[Round "5.9"]
[White "Pieczulis, Hubert"]
[Black "Wolski, Michal"]
[Result "0-1"]
[WhiteTitle "II"]
[BlackTitle "II"]
[WhiteElo "1346"]
[BlackElo "1584"]

1. Nf3 Nf6 2. c4 e6 3. g3 d5 4. Bg2 c6 5. O-O Bd6 6. b3 O-O 7. Bb2 Nbd7 8. d3 Re8
9. Nbd2 e5 10. Qc2 d4 11. Rfe1 c5 12. e4 Nb8 13. Rf1 Nc6 14. a3 Bg4 15. h3 Bd7
16. Rfe1 Qc8 17. Kh2 Rb8 18. Nh4 a6 19. g4 Ne7 20. Nf5 Nxf5 21. gxf5 Nh5 22. Bf3
Nf4 23. Rg1 Qd8 24. Rg3 Be7 25. Rag1 g6 26. Bd1 Bh4 27. Rf3 Kh8 28. fxg6 hxg6
29. Nf1 Kg7 30. Bc1 Bg5 31. Bxf4 Bxf4+ 32. Kg2 Rh8 33. Rh1 Qg5+ 34. Ng3 Rh7 35.
Be2 Rbh8 36. h4 Rxh4 37. Rxh4 Rxh4 38. Kf1 Bg4 39. Rxf4 exf4 40. Bxg4 Qxg4 41.
Ne2 Rh1+ 42. Ng1 Rxg1# 0-1

[Event "POLFINAL MISTRZOSTW POLSKI JUNIOROW 2019 - C13"]
[Site "Ustron"]
[Date "1899-12-30"]
[Round "5.10"]
[White "Madajczak, Piotr"]
[Black "Kotowicz, Kamil"]
[Result "1/2-1/2"]
[WhiteTitle "I"]
[BlackTitle "II"]
[WhiteElo "1676"]
[BlackElo "1512"]

1. c4 e6 2. Nc3 d5 3. d4 f5 4. Bf4 c6 5. e3 Nf6 6. Nf3 Bd6 7. Bxd6 Qxd6 8. Ne5
O-O 9. f4 Nbd7 10. Be2 Ne4 11. Nxe4 fxe4 12. O-O b6 13. g4 Bb7 14. Qe1 Nxe5 15.
fxe5 Rxf1+ 16. Bxf1 Qd8 17. Be2 a5 18. b3 Ba6 19. Rc1 Rc8 20. Qf2 Qf8 21. Qh4
dxc4 22. Rf1 Qa3 23. Qf2 Rf8 24. Qxf8+ Qxf8 25. Rxf8+ Kxf8 26. bxc4 Ke7 27. Kf2
g5 28. Ke1 Kd7 29. Kd2 Kc7 30. Kc3 Bb7 31. c5 b5 32. Bf1 Bc8 33. Bg2 h6 34. Bxe4
Bd7 35. Bg6 Kd8 36. Bc2 Be8 37. Bb3 Bf7 38. e4 Kd7 39. Bd1 Bg8 40. Bf3 Bf7 41.
a3 Bg8 42. a4 b4+ 43. Kc4 1/2-1/2

[Event "POLFINAL MISTRZOSTW POLSKI JUNIOROW 2019 - C13"]
[Site "Ustron"]
[Date "1899-12-30"]
[Round "5.11"]
[White "Latacz, Grzegorz"]
[Black "Bogusz, Alan"]
[Result "0-1"]
[WhiteTitle "II"]
[BlackTitle "I"]
[WhiteElo "1367"]
[BlackElo "1878"]

1. d4 Nf6 2. c4 e6 3. Nc3 Bb4 4. e3 O-O 5. a3 Bxc3+ 6. bxc3 c5 7. Bd3 Nc6 8. Ne2
b6 9. Ng3 Ba6 10. Qe2 Rc8 11. Bd2 Ne8 12. O-O Nd6 13. Qh5 f5 14. e4 Bxc4 15. Bxc4
Nxc4 16. Bg5 Qe8 17. Qh4 fxe4 18. Qxe4 cxd4 19. cxd4 Qf7 20. Qd3 Ne7 21. Be3 Nd6
22. Rac1 Nd5 23. h3 b5 24. Ne4 Qf5 25. Nc5 Qxd3 26. Nxd3 Nc4 27. Ne5 Nxe5 28.
dxe5 Nxe3 29. fxe3 Rxf1+ 30. Rxf1 Rc7 31. Rd1 Kf7 32. Kf2 Ke7 33. Rd3 Rc5 34.
Kf3 Rxe5 35. g4 Rc5 36. Ke4 Rc4+ 37. Kf3 d5 38. h4 Kd6 39. Rb3 Kc5 40. h5 h6 41.
Rd3 a5 42. Rb3 b4 43. axb4+ axb4 44. Rb1 e5 45. Ra1 b3 46. Ra5+ Kb4 47. Ra7 b2
48. Rxg7 Kb3 49. Rb7+ Rb4 50. Rxb4+ Kxb4 51. g5 hxg5 52. h6 b1=Q 53. Kg4 Qg6 54.
e4 Qxh6 55. Kf5 dxe4 56. Kxe4 g4 57. Kf5 g3 58. Ke4 g2 59. Kf5 g1=R 0-1

[Event "POLFINAL MISTRZOSTW POLSKI JUNIOROW 2019 - C13"]
[Site "Ustron"]
[Date "1899-12-30"]
[Round "5.12"]
[White "Lakowski, Filip"]
[Black "Sputowski, Jakub"]
[Result "1-0"]
[WhiteTitle "II"]
[BlackTitle "I"]
[WhiteElo "1310"]
[BlackElo "1655"]

1. e4 c5 2. c3 d5 3. exd5 Qxd5 4. d4 Nc6 5. Nf3 e5 6. dxe5 Qxd1+ 7. Kxd1 Bg4 8.
Bf4 O-O-O 9. Nbd2 Nge7 10. Be2 Ng6 11. Bg3 Be7 12. Kc2 Bf5+ 13. Kd1 Rd7 14. Kc1
Rhd8 15. Rd1 Bg4 16. Kc2 Bf5+ 17. Kc1 Rd5 18. Nc4 Rxd1+ 19. Bxd1 Bd3 20. Ne3 f5
21. exf6 Bxf6 22. Ne1 Nge5 23. Bb3 c4 24. Ba4 Be2 25. Bxc6 Nxc6 26. Kc2 Ne5 27.
Nf5 Bd3+ 28. Nxd3 cxd3+ 29. Kb3 g6 30. Nd4 h5 31. Rd1 Nc6 32. Nxc6 bxc6 33. Kc4
d2 34. Bf4 Re8 35. Be3 Be5 36. h3 Rd8 37. Rxd2 Rxd2 38. Bxd2 Kd7 39. Be3 a6 40.
Kc5 Bc7 41. g4 hxg4 42. hxg4 a5 43. f4 Bd6+ 44. Kc4 Ke6 45. a4 Bb8 46. b4 Bc7
47. Kc5 Kd7 48. f5 gxf5 49. gxf5 Bd6+ 50. Kc4 Bc7 51. Bd4 Kd6 52. f6 Bd8 53. Bc5+
Ke6 54. Be7 Bb6 55. b5 cxb5+ 56. Kxb5 Bc7 57. Kc6 Be5 58. c4 Bc3 59. c5 Bb4 60.
Kb7 Bxc5 61. Bxc5 Kxf6 62. Bb6 Ke7 63. Bxa5 Kd6 64. Bb4+ Kd5 65. a5 Kc4 66. a6
Kxb4 67. a7 Kb5 68. a8=Q Kb4 69. Qc8 Kb3 70. Qc5 Kb2 71. Qc4 Kb1 72. Qe2 Ka1 73.
Kb6 Kb1 74. Kb5 Kc1 75. Kb4 Kb1 76. Kb3 Kc1 77. Qc2# 1-0

[Event "POLFINAL MISTRZOSTW POLSKI JUNIOROW 2019 - C13"]
[Site "Ustron"]
[Date "1899-12-30"]
[Round "5.13"]
[White "Szymczyk, Antoni"]
[Black "Kubik, Rafal"]
[Result "0-1"]
[WhiteTitle "II"]
[BlackTitle "II+"]
[WhiteElo "1305"]
[BlackElo "1552"]

1. e4 e5 2. d4 exd4 3. Bc4 Nc6 4. Nf3 Bc5 5. c3 Nf6 6. O-O Nxe4 7. Re1 d5 8. cxd4
Bb4 9. Bd2 O-O 10. Bxb4 Nxb4 11. a3 Nc6 12. Bb3 Re8 13. Nc3 Nxc3 14. bxc3 Rxe1+
15. Qxe1 Na5 16. Bc2 Bd7 17. Qe2 f6 18. Re1 Bg4 19. h3 Bh5 20. g4 Bf7 21. Qb5
b6 22. Nh4 c6 23. Qd3 g6 24. Qg3 Qd7 25. f4 Re8 26. f5 g5 27. Nf3 Rxe1+ 28. Nxe1
Qe8 29. Kf2 Nc4 30. a4 c5 31. dxc5 bxc5 32. Qc7 Qe3+ 33. Kf1 Nd2+ 34. Kg2 Qxe1
35. Qxc5 Qf1+ 36. Kh2 Qf4+ 37. Kg2 Ne4 38. Qxa7 Qd2+ 39. Kf1 Qc1+ 40. Kg2 Qxc2+
41. Kf1 Qxc3 42. Qb6 Qc4+ 43. Ke1 Qxa4 44. Ke2 Qc2+ 45. Kf3 Qf2+ 46. Qxf2 Nxf2
47. Kxf2 Kf8 48. Ke3 Ke7 49. Kd4 Kd6 50. Kd3 Ke5 51. Ke3 d4+ 52. Kd2 Ke4 53. Ke2
d3+ 54. Kd2 Kd4 55. h4 gxh4 56. g5 h3 57. g6 h2 58. gxf7 h1=Q 59. f8=Q Qg2+ 60.
Kc1 Qc2# 0-1

[Event "POLFINAL MISTRZOSTW POLSKI JUNIOROW 2019 - C13"]
[Site "Ustron"]
[Date "1899-12-30"]
[Round "5.14"]
[White "Zimny, Jakub"]
[Black "Dembicki, Karol"]
[Result "1-0"]
[WhiteTitle "II"]
[BlackTitle "II"]
[WhiteElo "1510"]
[BlackElo "1388"]

1. e4 c5 2. Nf3 e6 3. d4 cxd4 4. Nxd4 Nf6 5. Nc3 d6 6. Bc4 a6 7. Be3 Be7 8. O-O
b5 9. Bb3 b4 10. Na4 Nxe4 11. f4 Bb7 12. f5 e5 13. Ne6 fxe6 14. Qh5+ Kd7 15. Bxe6+
Kc6 16. Bb6 Qe8 17. Qf3 d5 18. Bxd5+ Kxd5 19. Rad1+ Kc6 20. Qxe4+ Kb5 21. Rd5+
Kxa4 22. Ra5# 1-0

[Event "POLFINAL MISTRZOSTW POLSKI JUNIOROW 2019 - C13"]
[Site "Ustron"]
[Date "1899-12-30"]
[Round "5.15"]
[White "Stefaniuk, Zbigniew"]
[Black "Grzybek, Mikolaj"]
[Result "1/2-1/2"]
[WhiteTitle "II"]
[BlackTitle "II"]
[WhiteElo "1446"]
[BlackElo "1382"]

1. e4 c6 2. d4 d5 3. Nc3 dxe4 4. Nxe4 Bf5 5. Ng3 Bg6 6. h4 h6 7. Nf3 Nd7 8. h5
Bh7 9. Bd3 Bxd3 10. Qxd3 e6 11. Bd2 Ngf6 12. O-O-O Be7 13. Kb1 O-O 14. Ne4 Nxe4
15. Qxe4 Nf6 16. Qe2 Qd5 17. Be3 Ng4 18. Bf4 Nf6 19. Ne5 Qe4 20. Qxe4 Nxe4 21.
Nd3 Rfd8 22. f3 Nf6 23. Ne5 Nd7 24. Rhe1 Nxe5 25. Bxe5 Rd7 26. c3 Rad8 27. Kc2
c5 28. dxc5 Bxc5 29. Rxd7 Rxd7 30. Rd1 Rxd1 31. Kxd1 f6 32. Bf4 Kf7 33. g4 e5
34. Bd2 Bd6 35. Ke2 Ke6 36. Kd3 f5 37. g5 f4 38. gxh6 gxh6 39. Ke4 Kf6 40. Kd5
Bb8 41. c4 Kg5 42. Bb4 Kxh5 43. Be7 Kg6 44. c5 Kf5 45. b4 Bc7 1/2-1/2

[Event "POLFINAL MISTRZOSTW POLSKI JUNIOROW 2019 - C13"]
[Site "Ustron"]
[Date "1899-12-30"]
[Round "5.16"]
[White "Tarawski, Adrian"]
[Black "Bochenek, Ryszard"]
[Result "1-0"]
[WhiteTitle "II+"]
[BlackTitle "II"]
[WhiteElo "1431"]
[BlackElo "1324"]

1. d4 Nf6 2. Bf4 g6 3. e3 Bg7 4. Nf3 O-O 5. h3 d6 6. Be2 c5 7. c3 b6 8. Nbd2 Bb7
9. a4 Nbd7 10. O-O Re8 11. Nc4 Qc7 12. Bh2 Rad8 13. Qb3 Ne4 14. Rfd1 Qc8 15. a5
d5 16. Nce5 Nxe5 17. Nxe5 f6 18. Nf3 c4 19. Qb4 Qc6 20. Rac1 b5 21. Ne1 e5 22.
Qa3 a6 23. f3 Nd6 24. Nc2 Qd7 25. Kf1 Bh6 26. dxe5 fxe5 27. Bg1 Qf7 28. Bf2 Rf8
29. Qc5 Ne4 30. Qa7 Rd6 31. Nb4 Ra8 32. Qxa8+ Bxa8 33. fxe4 Rf6 34. Bf3 dxe4 35.
Rd8+ Kg7 36. Rxa8 exf3 37. g4 Rd6 38. Re1 Bg5 39. e4 Qf4 40. Kg1 Rd2 41. Nd5 Rxd5
42. exd5 Qd2 43. Rxe5 Qd1+ 44. Re1 Qxd5 45. Ra7+ Kh6 46. Bd4 Bf4 47. h4 f2+ 48.
Kxf2 Qg8 49. Ree7 Bg5 50. Bg7+ Qxg7 51. Rxg7 Bxh4+ 52. Kf3 Bg5 53. Ke4 1-0

[Event "POLFINAL MISTRZOSTW POLSKI JUNIOROW 2019 - C13"]
[Site "Ustron"]
[Date "1899-12-30"]
[Round "5.17"]
[White "Kozera, Dawid"]
[Black "Guzik, Michal"]
[Result "1-0"]
[WhiteTitle "II"]
[BlackTitle "II"]
[WhiteElo "1423"]
[BlackElo "1104"]

1. e4 c5 2. Nf3 Nc6 3. d4 cxd4 4. Nxd4 g6 5. Nc3 Bg7 6. Be3 Nf6 7. Bc4 d6 8. f3
Bd7 9. Qd2 O-O 10. O-O-O Rc8 11. Bb3 Na5 12. Kb1 Nxb3 13. Nxb3 a6 14. Bh6 b5 15.
Bxg7 Kxg7 16. h4 Qc7 17. h5 a5 18. hxg6 fxg6 19. Nd5 Nxd5 20. Qh6+ Kf7 21. Qxh7+
Ke8 22. Qxg6+ Kd8 23. exd5 Bf5 24. Qg7 Re8 25. Nd4 Qc4 26. Nc6+ Kd7 27. Qc3 Qe2
28. Rd2 Qc4 29. Qxc4 bxc4 30. Nxa5 1-0

[Event "POLFINAL MISTRZOSTW POLSKI JUNIOROW 2019 - C13"]
[Site "Ustron"]
[Date "1899-12-30"]
[Round "5.19"]
[White "Jendrowiak, Maciej"]
[Black "Sidlo, Szymon"]
[Result "1-0"]
[WhiteTitle "II"]
[BlackTitle "II"]
[WhiteElo "1472"]
[BlackElo "1244"]

1. d4 e6 2. c4 d5 3. Nf3 c5 4. cxd5 exd5 5. Bg5 Be7 6. Bxe7 Qxe7 7. Nc3 Nf6 8.
e3 cxd4 9. Nxd4 Nc6 10. Bb5 Bd7 11. O-O O-O 12. Nde2 Be6 13. Rc1 Rfd8 14. Bxc6
bxc6 15. Nd4 Rac8 16. Nxe6 Qxe6 17. Qf3 Nd7 18. Rfd1 Ne5 19. Qg3 Nc4 20. b3 Nd6
21. Qf3 Kf8 22. h3 Rd7 23. Na4 Nb7 24. Nc5 Nxc5 25. Rxc5 Qe5 26. Rdc1 Rdc7 27.
Qg4 h6 28. Qa4 Qd6 29. Qd4 Re8 30. Qf4 Qxf4 31. exf4 Rec8 32. Kf1 Ke7 33. Ke2
Kd6 34. Kd3 Re8 35. f3 Re6 36. b4 Rf6 37. b5 Kd7 38. bxc6+ Rfxc6 39. Rxd5+ Ke6
40. Rxc6+ Rxc6 41. Ra5 Rc7 42. Kd4 Kd6 43. Ra6+ Ke7 44. g4 f6 45. h4 Kf7 46. Kd5
Rd7+ 47. Rd6 Rb7 48. a4 Kg6 49. Ra6 Kf7 50. Kd6 Re7 51. f5 Rb7 52. a5 Kf8 53.
Rc6 Rb3 54. Rc8+ Kf7 55. Rc7+ Kf8 56. Rxa7 Rxf3 57. Kc6 Rc3+ 58. Kb6 Rb3+ 59.
Kc7 Rc3+ 60. Kb8 Rb3+ 61. Rb7 Ra3 62. Rb5 Re3 63. a6 Re8+ 64. Ka7 Ke7 65. Rb7+
Kd6 66. Rxg7 Kc6 67. Rf7 Kb5 68. Kb7 1-0

[Event "POLFINAL MISTRZOSTW POLSKI JUNIOROW 2019 - C13"]
[Site "Ustron"]
[Date "1899-12-30"]
[Round "5.20"]
[White "Katny, Samuel"]
[Black "Klisowski, Bartosz"]
[Result "1-0"]
[WhiteTitle "II"]
[BlackTitle "II"]
[WhiteElo "1335"]
[BlackElo "1434"]

1. e4 c6 2. d4 d5 3. Nc3 dxe4 4. Nxe4 Bf5 5. Ng3 Bg6 6. Nf3 Nd7 7. c3 e6 8. Bd3
Bxd3 9. Qxd3 Ngf6 10. O-O Be7 11. Bf4 O-O 12. Rfd1 c5 13. Ne5 cxd4 14. Qxd4 Nxe5
15. Qxe5 Qb6 16. Qe2 Rfd8 17. h3 Rac8 18. Be3 Bc5 19. Rxd8+ Rxd8 20. Bg5 Be7 21.
Be3 Qa5 22. Qf3 Nd5 23. Bd4 Bc5 24. b4 Bxb4 25. cxb4 Qxb4 26. Be3 Qb2 27. Qd1
Qf6 28. Qc1 Nxe3 29. fxe3 Qe5 30. Qe1 Rd3 31. Nf1 f5 32. Rd1 Qd6 33. Rxd3 Qxd3
34. Qb4 Qd5 35. Qa4 h6 36. Qxa7 b5 37. Qa3 Kh7 38. Qb3 Qc6 39. Qd3 g6 40. Qd8
h5 41. Qe7+ Kh6 42. Qf8+ Kh7 43. Qf7+ Kh6 44. Qg8 Kg5 45. h4+ Kf6 46. Qf8+ Ke5
47. Qg7+ Ke4 48. Qd4# 1-0

[Event "POLFINAL MISTRZOSTW POLSKI JUNIOROW 2019 - C13"]
[Site "Ustron"]
[Date "1899-12-30"]
[Round "5.21"]
[White "Kultucki, Kamil"]
[Black "Pojawa, Jakub"]
[Result "0-1"]
[WhiteTitle "II"]
[BlackTitle "II"]
[WhiteElo "1345"]
[BlackElo "1231"]

1. e4 e5 2. Nf3 Nc6 3. Bc4 Nf6 4. d3 d6 5. O-O Bg4 6. c3 Be7 7. Be3 O-O 8. Nbd2
d5 9. Bxd5 Nxd5 10. exd5 Qxd5 11. Qc2 Rfd8 12. Qb3 Qxb3 13. axb3 Rxd3 14. h3 Bxf3
15. Nxf3 f6 16. Ne1 Rdd8 17. Nc2 a6 18. f4 Bd6 19. fxe5 Bxe5 20. Rad1 Rxd1 21.
Rxd1 Rd8 22. Rxd8+ Nxd8 23. Nb4 c6 24. Nd3 Bd6 25. Bf4 Bxf4 26. Nxf4 Kf7 27. Kf2
Ne6 28. Nd3 Ke7 29. Ke3 Kd6 30. g4 Nc5 31. Nf4 g5 32. Nh5 Ke5 33. Ng3 Nxb3 34.
Ne2 Na5 35. Kd3 c5 36. b4 c4+ 37. Ke3 Nc6 38. Ng3 Ne7 39. Ne4 Nd5+ 40. Kf3 b5
41. Nc5 Nxc3 42. Nxa6 Na2 43. Nc7 c3 44. Na6 c2 45. Nc5 c1=Q 46. Nd3+ Kd4 47.
Nxc1 Nxc1 48. Kf2 Nd3+ 49. Ke2 Nxb4 0-1

[Event "POLFINAL MISTRZOSTW POLSKI JUNIOROW 2019 - C13"]
[Site "Ustron"]
[Date "1899-12-30"]
[Round "5.22"]
[White "Fojcik, Kacper"]
[Black "Gibas, Aleksander"]
[Result "1-0"]
[WhiteTitle "II"]
[BlackTitle "III"]
[WhiteElo "1286"]
[BlackElo "1010"]

1. d4 e6 2. c4 d5 3. Nc3 Nf6 4. cxd5 exd5 5. Bg5 Bb4 6. e3 O-O 7. Bd3 h6 8. Bh4
Nbd7 9. Nge2 c6 10. O-O Qc7 11. Bg3 Bd6 12. Bxd6 Qxd6 13. Qc2 Re8 14. Rfe1 Nb6
15. Rad1 Bd7 16. Qb1 Re7 17. Ng3 Kh8 18. Nf5 Bxf5 19. Bxf5 Rae8 20. Qc1 Ne4 21.
Bxe4 dxe4 22. Ne2 Nd7 23. Ng3 Nf6 24. Nf5 Qe6 25. Nxe7 Rxe7 26. b3 Nd5 27. Qc5
b6 28. Qc4 Qd6 29. Rc1 Rc7 30. Qc2 f5 31. Qe2 Re7 32. Rc4 Re6 33. Rec1 Qd7 34.
Qb2 a5 35. Qa3 Nb4 36. Rxb4 axb4 37. Qxb4 Qd8 38. h3 Kh7 39. Qc4 Qd6 40. Qa6 Qb4
41. Qc4 Qd6 42. Qa6 Qb4 43. Qc8 Qd6 44. Qb7 b5 45. Rc5 Rf6 46. Qc8 Kg6 47. Qe8+
Kh7 48. h4 g6 49. Qe5 Qxe5 50. Rxe5 Rd6 51. Re7+ Kg8 52. Rc7 Kf8 53. Kf1 Ke8 54.
Ke2 Kd8 55. Rh7 h5 56. Rg7 Ke8 57. b4 Kf8 58. Rc7 Ke8 59. Kd2 Rf6 60. g3 Kd8 61.
Rg7 Rd6 62. Kc3 Kc8 63. a3 Kb8 64. Kd2 Kc8 65. Ra7 Kb8 66. Rf7 Kc8 67. Ke2 Rd7
68. Rf6 Rg7 69. Rxc6+ Kb7 70. Rc5 Kb6 71. f3 Rf7 72. fxe4 fxe4 73. Rg5 Rf6 74.
Re5 1-0

[Event "POLFINAL MISTRZOSTW POLSKI JUNIOROW 2019 - C13"]
[Site "Ustron"]
[Date "1899-12-30"]
[Round "5.24"]
[White "Polinowski, Konrad"]
[Black "Miler, Franciszek"]
[Result "0-1"]
[WhiteTitle "III"]
[BlackTitle "II"]
[WhiteElo "1110"]
[BlackElo "1355"]

1. e4 c5 2. Nf3 g6 3. d4 cxd4 4. Nxd4 Bg7 5. Be3 Nf6 6. Nc3 O-O 7. f3 Nc6 8. Qd2
d5 9. exd5 Nxd5 10. Nxd5 Qxd5 11. Nxc6 Qxc6 12. O-O-O Be6 13. b3 a5 14. a4 Bxb3
15. Bb5 Qc7 16. Bf4 Qc5 17. Kb1 Qa3 18. cxb3 Qxb3+ 19. Qb2 Qxb2# 0-1

[Event "POLFINAL MISTRZOSTW POLSKI JUNIOROW 2019 - C13"]
[Site "Ustron"]
[Date "1899-12-30"]
[Round "5.25"]
[White "Rzepka, Marcin"]
[Black "Garwacki, Kornel"]
[Result "1-0"]
[WhiteTitle "II"]
[BlackTitle "II"]
[WhiteElo "1323"]
[BlackElo "1207"]

1. Nf3 Nf6 2. g3 d5 3. Bg2 c5 4. O-O Nc6 5. d3 e5 6. e4 d4 7. Na3 a6 8. Nc4 Qc7
9. a4 Be6 10. Nfd2 Be7 11. a5 O-O 12. f4 exf4 13. gxf4 Nb4 14. f5 Bxc4 15. Nxc4
Bd6 16. Nxd6 Qxd6 17. Bf4 Qd7 18. e5 Nfd5 19. f6 Rfe8 20. Qh5 Nxf4 21. Rxf4 h6
22. Rg4 Kf8 23. Rxg7 Nxd3 24. Qxh6 Qh3 25. Rg8+ Kxg8 26. Qg7# 1-0

[Event "POLFINAL MISTRZOSTW POLSKI JUNIOROW 2019 - C13"]
[Site "Ustron"]
[Date "1899-12-30"]
[Round "5.27"]
[White "Turowski, Maciej"]
[Black "Borowik, Karol"]
[Result "1/2-1/2"]
[WhiteTitle "II"]
[BlackTitle "II"]
[WhiteElo "1244"]
[BlackElo "1224"]

1. d4 Nf6 2. c4 g6 3. Nc3 Bg7 4. e4 d6 5. Nf3 O-O 6. Be2 e5 7. dxe5 dxe5 8. Qxd8
Rxd8 9. Bg5 c6 10. O-O Nbd7 11. Rfd1 Re8 12. b4 Nf8 13. Nd2 Ne6 14. Bh4 h5 15.
f3 g5 16. Bf2 Nd4 17. h3 Kh8 18. c5 Nxe2+ 19. Nxe2 Be6 20. g4 h4 21. Be3 Nh7 22.
Nc3 Red8 23. Kf2 Bf8 24. a3 Be7 25. Ke2 Nf8 26. Na4 Ng6 27. Nb2 Rd7 28. Ndc4 Rad8
29. Rxd7 Rxd7 30. Rd1 Rc7 1/2-1/2

[Event "POLFINAL MISTRZOSTW POLSKI JUNIOROW 2019 - C13"]
[Site "Ustron"]
[Date "1899-12-30"]
[Round "6.1"]
[White "Goral, Jan"]
[Black "Wojdak, Jan"]
[Result "0-1"]
[WhiteTitle "I"]
[BlackTitle "I++"]
[WhiteElo "1564"]
[BlackElo "2062"]

1. d4 d5 2. c4 e6 3. Nf3 Nf6 4. g3 Be7 5. Bg2 O-O 6. Qc2 b6 7. cxd5 exd5 8. Bf4
c5 9. Nc3 Nc6 10. dxc5 bxc5 11. O-O Bb7 12. Rfd1 Nb4 13. Qc1 Qb6 14. a3 Na6 15.
Ne5 Rfd8 16. Qc2 Qe6 17. Nd3 c4 18. Ne1 Nh5 19. Be3 Nc5 20. Bxc5 Bxc5 21. Nf3
Nf6 22. Nb5 Bxf2+ 23. Kh1 Bb6 24. Nbd4 Bxd4 25. Nxd4 Qe5 26. Qf5 Qxf5 27. Nxf5
Rd7 28. h3 Re8 29. Nd4 Ne4 30. Kh2 Nc5 31. Rd2 Ne6 32. Nxe6 fxe6 33. Rad1 Red8
34. e3 e5 35. g4 Bc6 36. Kg3 g6 37. Rf1 Rd6 38. h4 Bb5 39. Rfd1 d4 40. exd4 exd4
41. Kf4 Ba4 42. Rc1 Bb3 43. g5 Re8 44. Be4 d3 45. Bf3 Rd4+ 46. Kg3 Kg7 47. Rf1
Re7 48. Bc6 Re2 49. Rxe2 dxe2 50. Re1 Rd2 51. Bf3 Rxb2 52. Bxe2 c3 53. Bd1 c2
54. Bxc2 Rxc2 55. Re7+ Bf7 56. Rxa7 Rc3+ 57. Kg4 Kf8 58. Ra8+ Ke7 59. Ra7+ Ke6
60. Ra6+ Ke5 61. Ra5+ Bd5 62. h5 Rc4+ 63. Kg3 gxh5 64. Ra7 h4+ 65. Kh2 Be4 66.
Kh3 Bf5+ 67. Kg2 h3+ 68. Kg1 Rc1+ 69. Kh2 Rc2+ 70. Kg1 h2+ 0-1